header

The occupational therapy handbook (Record no. 109332)

MARC details
000 -LEADER
fixed length control field 01178nam a2200301Ia 4500
100 1# - MAIN ENTRY--AUTHOR NAME
Personal name Polglase, Tracey.
245 14 - TITLE STATEMENT
Title The occupational therapy handbook
260 ## - PUBLICATION, DISTRIBUTION, ETC. (IMPRINT)
Place of publication Cumbria, CA :
Name of publisher M&K Publishers,
Year of publication 2012.
300 ## - PHYSICAL DESCRIPTION
Number of Pages x, 170 p.
500 ## - GENERAL NOTE
General note Includes index.
650 #0 - SUBJECT ADDED ENTRY--TOPICAL TERM
Topical Term Occupational therapy
Topical Term Occupational therapy
700 1# - ADDED ENTRY--PERSONAL NAME
Personal name Treseder, Rachel.
856 40 - ELECTRONIC LOCATION AND ACCESS
Uniform Resource Identifier http://site.ebrary.com/lib/rucke/Doc?id=10597778

No items available.

© 2026 Rongo University
Contact us: librarian | system librarian | Rongo university